000 00647nam a2200217 a 4500
008
049 _aMAIN
090 0 1 _aTK7871.58.O6
100 1 _aRutkowski, George B.
245 1 0 _aHandbook of integrated-circuit operational amplifiers /
_cGeorge B. Rutkowski.
260 _aBombay :
_bPrentice-Hall,
_cc1979.
300 _ax, 321 p. :
_bill. ;
_c22 cm.
500 _aIncludes index.
650 0 _aOperational amplifiers.
650 0 _aIntegrated circuits.
907 _a.b10129741
_b09-07-04
_c07-07-04
003
005 20230123133752.0
040 _cNUST
942 _cBOOKS
_kTK7871.58.O6
999 _c154303
_d154303